00339nam a2200133Ia 450000500170000000800410001704100080005808200160006610000180008224500440010026000390014430000090018365000130019220250729165805.0250729s2007 xx 000 0 und d aeng a241.01 HUBS aHubbard L Ron aScientology : The Foundation of Thought aDenmarkbNew Era Publicationc2007 a241p aReligion